000 00633nam a2200265Ia 4500
003 OSt
005 20220912151028.0
006 a|||||r|||| 00| 0
007 ta
008 220909b |||||||| |||| 00| 0 eng d
024 _a51299
037 _cTextual
040 _aCSL
_beng
_cCSL
041 _aeng
082 _aJ, L01
100 _aKipps M S
245 0 _aProduction of field crops: a textbook of agronomy
250 _a6
260 _c1970
300 _ax, 790p.
_ccm.
500 _aGlossary 751-766p.
_ccm.
650 _aAgriculture
942 _hJ, L01
_cTEXL
_2CC
999 _c59675
_d59675